[Event "29. Torneo Collado Villalba 2012 - B"]
[Site "Collado Villalba ESP"]
[Date "2012.08.27"]
[Round "4.15"]
[White "Alvarez Romero, Carlos"]
[Black "Garcia Andrinal, Antonio"]
[Result "1/2-1/2"]
[WhiteElo "1701"]
[BlackElo "1774"]
[PlyCount "114"]
[EventDate "2012.08.24"]
[EventType "swiss"]
[EventRounds "9"]
[EventCountry "ESP"]
[Source "lmi"]
[SourceDate "2012.08.24"]

1. e4 c5 2. Nf3 d6 3. Nc3 Nc6 4. d4 cxd4 5. Nxd4 Nf6 6. Bc4 Bd7 7. Bb3 g6 8.
Bg5 Bg7 9. Nxc6 Bxc6 10. f3 O-O 11. Qd2 a5 12. a4 Re8 13. O-O Rc8 14. Rad1 Qc7
15. Bh6 Bh8 16. Qf2 e6 17. Rd3 Nd7 18. Rfd1 Nc5 19. Rxd6 Nxb3 20. cxb3 Be5 21.
R6d2 Bxh2+ 22. Kf1 Bg3 23. Qe3 Be5 24. Rc2 Qb8 25. Ne2 b5 26. Nd4 Bd7 27. Rxc8
Rxc8 28. f4 Bf6 29. e5 Bd8 30. Ne2 Be8 31. Qd4 bxa4 32. bxa4 Be7 33. Rc1 Rd8
34. Qc3 Bb4 35. Qb3 Qb7 36. Rd1 Rc8 37. Nd4 Qa6+ 38. Ne2 Bc6 39. Rd3 Be4 40.
Rd4 Bc2 41. Qxc2 Be7 42. Qd3 Qc6 43. b3 Bh4 44. Bg5 Bxg5 45. fxg5 Qc7 46. Rc4
Qb8 47. Rxc8+ Qxc8 48. Qc3 Qd8 49. Nd4 Qd5 50. Nc6 Qe4 51. Qf3 Qb1+ 52. Kf2 Qc1
53. Kg3 Qxg5+ 54. Kf2 Qd2+ 55. Kg1 Qc1+ 56. Kh2 Qh6+ 57. Qh3 Qf4+ 1/2-1/2

[Event "29. Torneo Collado Villalba 2012 - B"]
[Site "Collado Villalba ESP"]
[Date "2012.08.27"]
[Round "4.16"]
[White "Tolosana Esteban, Enrique"]
[Black "Montoya Gandia, Manuel"]
[Result "0-1"]
[WhiteElo "1761"]
[BlackElo "1690"]
[PlyCount "42"]
[EventDate "2012.08.24"]
[EventType "swiss"]
[EventRounds "9"]
[EventCountry "ESP"]
[Source "lmi"]
[SourceDate "2012.08.24"]

1. e4 c5 2. Nc3 Nc6 3. f4 e6 4. Nf3 Nf6 5. e5 Nd5 6. Nxd5 exd5 7. d4 d6 8. c4
dxe5 9. dxc5 e4 10. cxd5 exf3 11. dxc6 f2+ 12. Kxf2 Qxd1 13. Bb5 Bxc5+ 14. Be3
Qc2+ 15. Kf3 b6 16. c7+ Bd7 17. Bxc5 Qxc5 18. Rhe1+ Kf8 19. Rad1 Qxb5 20. Re5
Qc6+ 21. Red5 Be6 0-1

[Event "29. Torneo Collado Villalba 2012 - B"]
[Site "Collado Villalba ESP"]
[Date "2012.08.27"]
[Round "4.17"]
[White "Gonzalez Del Valls, Javier"]
[Black "De Dompablo Fantova, Juan"]
[Result "0-1"]
[WhiteElo "1754"]
[BlackElo "1669"]
[PlyCount "90"]
[EventDate "2012.08.24"]
[EventType "swiss"]
[EventRounds "9"]
[EventCountry "ESP"]
[Source "lmi"]
[SourceDate "2012.08.24"]

1. e4 c5 2. Nf3 d6 3. d4 cxd4 4. Nxd4 Nf6 5. Nc3 g6 6. Be3 Bg7 7. f3 O-O 8. Bc4
Nc6 9. Qd2 Bd7 10. O-O-O Rc8 11. Bb3 Na5 12. Kb1 Nxb3 13. Nxb3 a5 14. g4 b5 15.
g5 b4 16. Ne2 Nh5 17. Ng3 a4 18. Nc1 Qc7 19. Nxh5 gxh5 20. Ne2 a3 21. b3 Bc3
22. Nxc3 Qxc3 23. Qxc3 Rxc3 24. Rd3 Rfc8 25. Rxc3 Rxc3 26. Re1 h4 27. Bd2 Rxf3
28. Bxb4 Rf2 29. Bxa3 Rxh2 30. Bc1 Rg2 31. Rh1 h3 32. Bf4 Re2 33. a4 Rxe4 34.
Bh2 Bc6 35. Rg1 Re2 36. Bg3 h2 37. Bxh2 Rxh2 38. Rg4 e5 39. a5 e4 40. b4 e3 41.
Rg1 e2 42. Kc1 Rf2 43. Re1 Rf1 44. Kd2 Rxe1 45. Kxe1 Bb5 0-1

[Event "29. Torneo Collado Villalba 2012 - B"]
[Site "Collado Villalba ESP"]
[Date "2012.08.27"]
[Round "4.18"]
[White "Palenciano Escolar, Adrian"]
[Black "Carrasco Espasandin, Pablo"]
[Result "1-0"]
[WhiteElo "1640"]
[BlackElo "1743"]
[PlyCount "31"]
[EventDate "2012.08.24"]
[EventType "swiss"]
[EventRounds "9"]
[EventCountry "ESP"]
[Source "lmi"]
[SourceDate "2012.08.24"]

1. e4 e6 2. d4 d5 3. Nd2 dxe4 4. Nxe4 Nd7 5. Nf3 Ngf6 6. Nxf6+ Nxf6 7. Bd3 Be7
8. O-O O-O 9. Re1 b6 10. Qe2 Bb7 11. c3 c5 12. dxc5 Bxc5 13. Bf4 Qd5 14. b4 Bd6
15. Rad1 Qc6 16. Bxd6 1-0

[Event "29. Torneo Collado Villalba 2012 - B"]
[Site "Collado Villalba ESP"]
[Date "2012.08.27"]
[Round "4.19"]
[White "Garcia Hernandez, Javier"]
[Black "Pimienta Sanchez, Manuel"]
[Result "1-0"]
[WhiteElo "1721"]
[BlackElo "1890"]
[PlyCount "79"]
[EventDate "2012.08.24"]
[EventType "swiss"]
[EventRounds "9"]
[EventCountry "ESP"]
[Source "lmi"]
[SourceDate "2012.08.24"]

1. d4 g6 2. c4 Bg7 3. Nc3 c5 4. d5 d6 5. e4 Nf6 6. f4 Na6 7. Nf3 O-O 8. Bd3 Nc7
9. O-O a6 10. Qe1 Rb8 11. f5 b5 12. fxg6 fxg6 13. e5 Ng4 14. exd6 exd6 15. Bg5
Qd7 16. Qd2 bxc4 17. Bxc4 Nb5 18. Rae1 Nd4 19. Re7 Nxf3+ 20. gxf3 Bd4+ 21. Kh1
Ne3 22. Rxd7 Nxc4 23. Qe2 Bxd7 24. Qxc4 Rxb2 25. Ne2 Bb5 26. Qc1 Bxe2 27. Be3
Rfb8 28. Bxd4 Bxf1 29. Bxb2 Be2 30. Qc3 Bxf3+ 31. Kg1 Rxb2 32. Qxb2 Bxd5 33. a3
Kf7 34. Qe2 c4 35. Kf2 Be6 36. Ke3 d5 37. Kd4 h5 38. Qe5 a5 39. Qc7+ Kf6 40.
Qxa5 1-0

[Event "29. Torneo Collado Villalba 2012 - B"]
[Site "Collado Villalba ESP"]
[Date "2012.08.27"]
[Round "4.20"]
[White "Cano Mercado, Francisco Manuel"]
[Black "Mataix Fernandez, Ricardo"]
[Result "1/2-1/2"]
[WhiteElo "1887"]
[BlackElo "1706"]
[PlyCount "75"]
[EventDate "2012.08.24"]
[EventType "swiss"]
[EventRounds "9"]
[EventCountry "ESP"]
[Source "lmi"]
[SourceDate "2012.08.24"]

1. e4 g6 2. d4 Bg7 3. c4 d6 4. Nc3 Nf6 5. f3 O-O 6. Be3 h5 7. Nge2 Nbd7 8. Nc1
e5 9. d5 Nh7 10. Nd3 b6 11. Be2 a5 12. Qd2 Nc5 13. Nb5 Bd7 14. Nxc5 bxc5 15.
O-O Bxb5 16. cxb5 f5 17. exf5 gxf5 18. Bd3 f4 19. Bf2 Qd7 20. a4 Rf6 21. Bh4
Rff8 22. Qc2 Bf6 23. Bf5 Qg7 24. Be6+ Kh8 25. Bxf6 Rxf6 26. Kh1 Ng5 27. Bf5 Rg8
28. Rf2 Rgf8 29. Be4 h4 30. Qe2 Qd7 31. h3 Nxe4 32. Qxe4 Qg7 33. Qe1 Qg3 34.
Re2 Ra8 35. Re4 Rg6 36. Re2 Qxe1+ 37. Raxe1 Rg7 38. Rc1 1/2-1/2

[Event "29. Torneo Collado Villalba 2012 - B"]
[Site "Collado Villalba ESP"]
[Date "2012.08.27"]
[Round "4.21"]
[White "Camarero Izquierdo, Juan Carlos"]
[Black "Martinez Martinez, Manuel II"]
[Result "1-0"]
[WhiteElo "1881"]
[BlackElo "1700"]
[PlyCount "35"]
[EventDate "2012.08.24"]
[EventType "swiss"]
[EventRounds "9"]
[EventCountry "ESP"]
[Source "lmi"]
[SourceDate "2012.08.24"]

1. d4 d5 2. Nc3 c6 3. e4 e6 4. e5 c5 5. dxc5 Bxc5 6. Qg4 Bf8 7. Bg5 Be7 8. Bxe7
Nxe7 9. Qxg7 Rg8 10. Qxh7 Nd7 11. Nf3 Qc7 12. Nb5 Qa5+ 13. c3 Rf8 14. Nd6+ Kd8
15. Nxf7+ Ke8 16. N3g5 Qb6 17. Nd6+ Kd8 18. Nxe6# 1-0

[Event "29. Torneo Collado Villalba 2012 - B"]
[Site "Collado Villalba ESP"]
[Date "2012.08.27"]
[Round "4.22"]
[White "Garcia Castineira, Ivan"]
[Black "Movilla Calleja, David"]
[Result "0-1"]
[WhiteElo "1702"]
[BlackElo "1864"]
[PlyCount "80"]
[EventDate "2012.08.24"]
[EventType "swiss"]
[EventRounds "9"]
[EventCountry "ESP"]
[Source "lmi"]
[SourceDate "2012.08.24"]

1. d4 d5 2. c4 e6 3. Nc3 Nf6 4. Bg5 Be7 5. e3 c6 6. Nf3 O-O 7. Be2 Nbd7 8. O-O
Ne4 9. Bxe7 Qxe7 10. Qc2 f5 11. Nd2 Nxd2 12. Qxd2 Nf6 13. cxd5 exd5 14. f3 Re8
15. Rae1 Qxe3+ 16. Qxe3 Rxe3 17. Bd1 Rxe1 18. Rxe1 Kf7 19. b4 Bd7 20. Bc2 Re8
21. Re5 g6 22. a4 Be6 23. Kf2 Nd7 24. Re1 Ke7 25. Bb3 Kd6 26. g3 Nf6 27. Bc2
Bd7 28. Rxe8 Nxe8 29. Ke3 h6 30. Bd3 b6 31. h4 g5 32. Be2 c5 33. bxc5+ bxc5 34.
Nb5+ Bxb5 35. Bxb5 Ng7 36. hxg5 hxg5 37. dxc5+ Kxc5 38. Kd3 Nh5 39. g4 fxg4 40.
fxg4 Nf6 0-1

[Event "29. Torneo Collado Villalba 2012 - B"]
[Site "Collado Villalba ESP"]
[Date "2012.08.27"]
[Round "4.23"]
[White "Suarez Paz, Alfonso"]
[Black "Lacaci Otero, Ivan"]
[Result "1-0"]
[WhiteElo "1857"]
[BlackElo "1686"]
[PlyCount "85"]
[EventDate "2012.08.24"]
[EventType "swiss"]
[EventRounds "9"]
[EventCountry "ESP"]
[Source "lmi"]
[SourceDate "2012.08.24"]

1. e4 c5 2. Nf3 d6 3. d4 cxd4 4. Nxd4 Nf6 5. Nc3 a6 6. f3 e5 7. Nb3 Be7 8. Be3
Be6 9. Qd2 Nbd7 10. h4 b5 11. Bd3 Nc5 12. Nxc5 dxc5 13. O-O-O Qa5 14. Kb1 b4
15. Nd5 Nxd5 16. exd5 Bxd5 17. b3 Rd8 18. Qe2 O-O 19. Bg5 f6 20. Bxh7+ Kxh7 21.
Rxd5 Kg8 22. Rxe5 Bd6 23. Qc4+ Kh8 24. Rf5 Qc7 25. Bc1 Qf7 26. Rd5 Be7 27. Rhd1
Ra8 28. Qe4 a5 29. Rd7 Rfe8 30. Re1 Bf8 31. Rxf7 Rxe4 32. Rxe4 Kg8 33. Rd7 a4
34. g4 axb3 35. cxb3 g6 36. Re6 c4 37. Rxf6 cxb3 38. Rxg6+ Kh8 39. Bb2+ Bg7 40.
Bxg7+ Kg8 41. Bc3+ Kf8 42. Bxb4+ Ke8 43. Re7+ 1-0

[Event "29. Torneo Collado Villalba 2012 - B"]
[Site "Collado Villalba ESP"]
[Date "2012.08.27"]
[Round "4.24"]
[White "Sanchez Ruiz, Piedad Esmeralda"]
[Black "Marcelo De La Mata, Daniel"]
[Result "1-0"]
[WhiteElo "1850"]
[BlackElo "1687"]
[PlyCount "99"]
[EventDate "2012.08.24"]
[EventType "swiss"]
[EventRounds "9"]
[EventCountry "ESP"]
[Source "lmi"]
[SourceDate "2012.08.24"]

1. e4 c6 2. d4 d5 3. exd5 cxd5 4. Bd3 Nf6 5. Bf4 Bd7 6. c3 e6 7. Nf3 Bc6 8.
Nbd2 Bd6 9. Bxd6 Qxd6 10. Ne5 Nbd7 11. Ndf3 h6 12. O-O Qe7 13. Re1 Nxe5 14.
Nxe5 Nd7 15. f4 Nxe5 16. fxe5 O-O-O 17. b4 b6 18. a4 h5 19. b5 Bb7 20. a5 Qc7
21. axb6 axb6 22. Qb3 Kd7 23. Qb4 Rc8 24. Rec1 Ra8 25. Rxa8 Rxa8 26. c4 dxc4
27. Bxc4 Ke8 28. Qb2 Rc8 29. Rc2 Bd5 30. Bd3 Qd7 31. Rxc8+ Qxc8 32. Kf2 Qb7 33.
Kg1 Qe7 34. Qc3 Kd7 35. Be2 Qh4 36. Bf3 Bxf3 37. gxf3 Kd8 38. Qe3 g5 39. Kh1 g4
40. fxg4 hxg4 41. Kg2 Qh5 42. d5 Kc7 43. d6+ Kb7 44. Qe4+ Kb8 45. d7 Qh3+ 46.
Kg1 Qh8 47. Qc6 Qd8 48. Qd6+ Kb7 49. Kg2 Ka7 50. Kg3 1-0

[Event "29. Torneo Collado Villalba 2012 - B"]
[Site "Collado Villalba ESP"]
[Date "2012.08.27"]
[Round "4.25"]
[White "Dominguez Coig, Alvaro"]
[Black "Rodriguez Del Moral, Angel"]
[Result "1-0"]
[WhiteElo "1689"]
[BlackElo "1780"]
[PlyCount "69"]
[EventDate "2012.08.24"]
[EventType "swiss"]
[EventRounds "9"]
[EventCountry "ESP"]
[Source "lmi"]
[SourceDate "2012.08.24"]

1. e4 c6 2. d4 d5 3. f3 dxe4 4. fxe4 Nf6 5. Nc3 Bg4 6. Be2 Bxe2 7. Ngxe2 e6 8.
O-O Be7 9. e5 Nd5 10. Ne4 Nd7 11. c4 N5b6 12. c5 Nd5 13. Nd6+ Bxd6 14. cxd6 c5
15. Nf4 Nxf4 16. Rxf4 Qb6 17. Qg4 cxd4 18. Qxg7 O-O-O 19. Qxf7 Nxe5 20. Qxe6+
Nd7 21. Qc4+ Kb8 22. Qxd4 Qxd4+ 23. Rxd4 Nc5 24. Bg5 Rd7 25. Re1 Rg8 26. b4 Na4
27. Re7 Nb6 28. a4 Rxg5 29. Re8+ Nc8 30. Rc4 b6 31. Rexc8+ Kb7 32. R8c7+ Rxc7
33. Rxc7+ Kb8 34. Rxh7 a5 35. Rh8+ 1-0

[Event "29. Torneo Collado Villalba 2012 - B"]
[Site "Collado Villalba ESP"]
[Date "2012.08.27"]
[Round "4.26"]
[White "Perez Perez, Elena"]
[Black "Diaz Begonte, Manuel"]
[Result "1/2-1/2"]
[WhiteElo "1678"]
[BlackElo "1776"]
[PlyCount "89"]
[EventDate "2012.08.24"]
[EventType "swiss"]
[EventRounds "9"]
[EventCountry "ESP"]
[Source "lmi"]
[SourceDate "2012.08.24"]

1. e4 c6 2. d4 d5 3. exd5 Qxd5 4. Nf3 Bg4 5. Be2 e6 6. c4 Qd6 7. Nc3 Nf6 8. Be3
Be7 9. Qb3 Qc7 10. O-O O-O 11. h3 Bh5 12. Qc2 Bg6 13. Bd3 Bxd3 14. Qxd3 Rd8 15.
Rad1 Na6 16. a3 Qa5 17. Bd2 Qh5 18. Ne4 Nc5 19. Nxc5 Bxc5 20. Qe3 Bd6 21. Qg5
h6 22. Qxh5 Nxh5 23. g3 Nf6 24. Rfe1 a5 25. Bc3 b5 26. Ne5 Rdc8 27. c5 Bxe5 28.
dxe5 Nd5 29. Rd3 b4 30. axb4 axb4 31. Bd2 Ra2 32. Rb3 Rb8 33. Re4 Ra4 34. Kf1
Rb5 35. Rc4 f6 36. exf6 Nxf6 37. Rcxb4 Raxb4 38. Rxb4 Rxc5 39. Rd4 Rd5 40. Bc3
Rxd4 41. Bxd4 Nd5 42. Ke2 g6 43. Kd3 Kf7 44. Ke4 Ke7 45. Ke5 1/2-1/2

[Event "29. Torneo Collado Villalba 2012 - B"]
[Site "Collado Villalba ESP"]
[Date "2012.08.27"]
[Round "4.27"]
[White "Garcia Diaz, Alejandro"]
[Black "Juez Gastanaga, Aitor"]
[Result "1-0"]
[WhiteElo "1767"]
[BlackElo "1642"]
[PlyCount "46"]
[EventDate "2012.08.24"]
[EventType "swiss"]
[EventRounds "9"]
[EventCountry "ESP"]
[Source "lmi"]
[SourceDate "2012.08.24"]

1. c4 Nf6 2. Nc3 g6 3. e4 d6 4. d4 Bg7 5. Be2 O-O 6. h4 h5 7. Bg5 Nh7 8. Qd2
Nxg5 9. hxg5 f5 10. gxf6 Bxf6 11. Nf3 e5 12. Qh6 Qe8 13. Nd5 Qf7 14. Nxf6+ Qxf6
15. O-O-O exd4 16. Nxd4 Nc6 17. Nb5 Rf7 18. f3 a6 19. Nc3 Be6 20. Qd2 a5 21.
Kb1 a4 22. Nb5 Na5 23. Rc1 c6 1-0

[Event "29. Torneo Collado Villalba 2012 - B"]
[Site "Collado Villalba ESP"]
[Date "2012.08.27"]
[Round "4.28"]
[White "Sanchez Ruiz, Justo"]
[Black "Andres Garcia, Vicente"]
[Result "1-0"]
[WhiteElo "1750"]
[BlackElo "1647"]
[PlyCount "33"]
[EventDate "2012.08.24"]
[EventType "swiss"]
[EventRounds "9"]
[EventCountry "ESP"]
[Source "lmi"]
[SourceDate "2012.08.24"]

1. e4 c5 2. Nf3 d6 3. d4 cxd4 4. Nxd4 Nf6 5. Nc3 a6 6. Bc4 e6 7. Bb3 b5 8. O-O
b4 9. Na4 Nxe4 10. Re1 Nc5 11. Nxc5 dxc5 12. Ba4+ Bd7 13. Nxe6 fxe6 14. Rxe6+
Kf7 15. Qd5 Be7 16. Rxe7+ Kxe7 17. Bg5+ 1-0

[Event "29. Torneo Collado Villalba 2012 - B"]
[Site "Collado Villalba ESP"]
[Date "2012.08.27"]
[Round "4.29"]
[White "Lopez Rodriguez, Alvaro"]
[Black "Liceras Ruiz, Manuel"]
[Result "0-1"]
[WhiteElo "1581"]
[BlackElo "1736"]
[PlyCount "76"]
[EventDate "2012.08.24"]
[EventType "swiss"]
[EventRounds "9"]
[EventCountry "ESP"]
[Source "lmi"]
[SourceDate "2012.08.24"]

1. e4 Nf6 2. Nc3 d5 3. e5 Ne4 4. Nxe4 dxe4 5. d4 exd3 6. Qxd3 Qxd3 7. Bxd3 Nc6
8. Nf3 e6 9. O-O Bd7 10. a3 Be7 11. Rd1 Rd8 12. b4 a6 13. c4 O-O 14. b5 axb5
15. cxb5 Na5 16. Bd2 Nb3 17. Rab1 Nxd2 18. Rxd2 b6 19. Rbd1 Bc8 20. Bxh7+ Kxh7
21. Nd4 Bb7 22. a4 Rd5 23. Rc1 Bc5 24. Nb3 Rxd2 25. Nxd2 Rd8 26. Nb3 Bb4 27. h3
Rd7 28. Rc4 Ba5 29. Kh2 Bd5 30. Rh4+ Kg8 31. Nd4 Bc3 32. Nf3 Bxf3 33. gxf3
Bxe5+ 34. Kg2 Rd4 35. Re4 Rxe4 36. fxe4 Kf8 37. Kf3 g5 38. Kg4 f6 0-1

[Event "29. Torneo Collado Villalba 2012 - B"]
[Site "Collado Villalba ESP"]
[Date "2012.08.27"]
[Round "4.32"]
[White "Tevar Becerra, Alvaro"]
[Black "Rodriguez Bachiller, Luis"]
[Result "1/2-1/2"]
[WhiteElo "1566"]
[BlackElo "1813"]
[PlyCount "30"]
[EventDate "2012.08.24"]
[EventType "swiss"]
[EventRounds "9"]
[EventCountry "ESP"]
[Source "lmi"]
[SourceDate "2012.08.24"]

1. e4 e6 2. d4 d5 3. exd5 Qxd5 4. Nf3 Nf6 5. Nc3 Qd8 6. Bc4 Be7 7. O-O O-O 8.
Re1 Nc6 9. Bf4 Nh5 10. Be3 Nf6 11. h3 Nb4 12. Qe2 Nbd5 13. Nxd5 Nxd5 14. Bd2
Bf6 15. Bxd5 exd5 1/2-1/2

[Event "29. Torneo Collado Villalba 2012 - B"]
[Site "Collado Villalba ESP"]
[Date "2012.08.27"]
[Round "4.33"]
[White "Benito Alba, Eladio"]
[Black "Melcon Mediavilla, Rodrigo"]
[Result "1-0"]
[WhiteElo "1731"]
[BlackElo "1453"]
[PlyCount "61"]
[EventDate "2012.08.24"]
[EventType "swiss"]
[EventRounds "9"]
[EventCountry "ESP"]
[Source "lmi"]
[SourceDate "2012.08.24"]

1. d4 d6 2. c4 Nf6 3. Nc3 g6 4. Nf3 Bg7 5. g3 b6 6. Bg2 Bb7 7. O-O Nbd7 8. Qc2
O-O 9. e4 e6 10. Bg5 Qc8 11. Rfe1 e5 12. d5 Nc5 13. b4 Ncd7 14. Bh3 h6 15. Bxf6
Bxf6 16. Rac1 Qd8 17. a4 a6 18. Bf1 c6 19. dxc6 Bxc6 20. Red1 Qc7 21. Nd5 Qd8
22. b5 Bxd5 23. Rxd5 Nc5 24. Rcd1 Be7 25. Nxe5 axb5 26. Nc6 Qc7 27. axb5 Rfe8
28. e5 dxe5 29. Rxe5 Nd7 30. Rxe7 Rxe7 31. Nxe7+ 1-0

[Event "29. Torneo Collado Villalba 2012 - B"]
[Site "Collado Villalba ESP"]
[Date "2012.08.27"]
[Round "4.34"]
[White "Tome Salvador, Jose Antonio"]
[Black "Garcia Varea, Benjamin"]
[Result "0-1"]
[WhiteElo "1698"]
[BlackElo "1811"]
[PlyCount "88"]
[EventDate "2012.08.24"]
[EventType "swiss"]
[EventRounds "9"]
[EventCountry "ESP"]
[Source "lmi"]
[SourceDate "2012.08.24"]

1. d4 Nf6 2. c4 g6 3. Nf3 Bg7 4. Nc3 d6 5. e4 Nbd7 6. Be2 O-O 7. O-O c6 8. Qc2
e5 9. d5 cxd5 10. cxd5 a6 11. a4 Kh8 12. Bg5 h6 13. Bh4 g5 14. Bg3 Nh5 15. Nd2
Ndf6 16. f3 Nxg3 17. hxg3 Nh5 18. g4 Nf4 19. Bd1 h5 20. g3 Qb6+ 21. Kh2 hxg4
22. gxf4 gxf3 23. fxg5 Qe3 24. Nxf3 Qf4+ 25. Kg1 Bh3 26. Qh2 Qxh2+ 27. Nxh2
Bxf1 28. Kxf1 f5 29. Ke2 fxe4 30. Nxe4 Rad8 31. Ke3 Rf4 32. Bg4 Bf8 33. Be6 Kg7
34. Ng4 Be7 35. Nh6 Kg6 36. Rg1 Rdf8 37. Ng4 Rf3+ 38. Ke2 R8f4 39. Ngf6 Rb3 40.
Rb1 Bxf6 41. Nxf6 Kxg5 42. Ne8 Rh4 43. Rg1+ Kf4 44. Rf1+ Kg3 0-1

[Event "29. Torneo Collado Villalba 2012 - B"]
[Site "Collado Villalba ESP"]
[Date "2012.08.27"]
[Round "4.35"]
[White "Martinez Martinez, Antonio"]
[Black "Martin Rodriguez, Jose L"]
[Result "1-0"]
[WhiteElo "1667"]
[BlackElo "1430"]
[PlyCount "57"]
[EventDate "2012.08.24"]
[EventType "swiss"]
[EventRounds "9"]
[EventCountry "ESP"]
[Source "lmi"]
[SourceDate "2012.08.24"]

1. e4 e6 2. d4 d5 3. e5 c5 4. c3 Nc6 5. Be3 Qb6 6. b3 Bd7 7. Nf3 Be7 8. Be2
O-O-O 9. O-O Rf8 10. a4 cxd4 11. cxd4 Kb8 12. Nc3 Na5 13. Rb1 Bb4 14. Na2 Ne7
15. Bd3 f5 16. exf6 gxf6 17. Nxb4 Qxb4 18. Bf4+ e5 19. Bd2 Qb6 20. dxe5 f5 21.
b4 Nac6 22. b5 Qc7 23. Rc1 Qd8 24. a5 b6 25. Be2 Ng6 26. Bg5 Qe8 27. Qxd5 Ncxe5
28. Nxe5 Qxe5 29. Qxd7 1-0

[Event "29. Torneo Collado Villalba 2012 - B"]
[Site "Collado Villalba ESP"]
[Date "2012.08.27"]
[Round "4.36"]
[White "Salgado Duarte, Pablo"]
[Black "Corral Sanchez, Jesus"]
[Result "1/2-1/2"]
[WhiteElo "1564"]
[BlackElo "1660"]
[PlyCount "91"]
[EventDate "2012.08.24"]
[EventType "swiss"]
[EventRounds "9"]
[EventCountry "ESP"]
[Source "lmi"]
[SourceDate "2012.08.24"]

1. d4 d5 2. Nc3 Bf5 3. Nf3 c6 4. Bf4 h6 5. e3 Nf6 6. h3 e6 7. Bd3 Bxd3 8. Qxd3
Be7 9. O-O O-O 10. Rfe1 Nbd7 11. e4 dxe4 12. Nxe4 Re8 13. c4 Nc5 14. Nxf6+ Bxf6
15. Qe3 Nd7 16. Qb3 Qb6 17. Qxb6 Nxb6 18. b3 Rad8 19. Bc7 Rd7 20. Bxb6 axb6 21.
Rad1 Red8 22. Re4 c5 23. Re2 Bxd4 24. Red2 f6 25. Nxd4 Rxd4 26. Rxd4 Rxd4 27.
Rxd4 cxd4 28. Kf1 e5 29. Ke2 Kf7 30. Kd3 Ke6 31. f3 f5 32. b4 g5 33. g3 Kd6 34.
a3 Kc6 35. a4 Kd6 36. g4 Ke6 37. gxf5+ Kxf5 38. c5 Ke6 39. cxb6 Kd5 40. a5 Kd6
41. Kc4 h5 42. b5 Kd7 43. a6 bxa6 44. bxa6 Kc8 45. Kd3 Kb8 46. Ke4 1/2-1/2

[Event "29. Torneo Collado Villalba 2012 - B"]
[Site "Collado Villalba ESP"]
[Date "2012.08.27"]
[Round "4.37"]
[White "Brasa Olmos, Joaquin"]
[Black "Melcon Diez, Enrique"]
[Result "1-0"]
[WhiteElo "1547"]
[BlackElo "1637"]
[PlyCount "75"]
[EventDate "2012.08.24"]
[EventType "swiss"]
[EventRounds "9"]
[EventCountry "ESP"]
[Source "lmi"]
[SourceDate "2012.08.24"]

1. e4 c5 2. Nc3 g6 3. Bc4 Bg7 4. f4 e6 5. Nf3 Nc6 6. Ne2 d5 7. exd5 exd5 8. Bb5
a6 9. Bxc6+ bxc6 10. O-O Ne7 11. d3 O-O 12. Qe1 Rb8 13. Rb1 Nf5 14. Ne5 Qd6 15.
Nc3 Re8 16. g4 Nd4 17. Qf2 f6 18. Nxg6 hxg6 19. f5 g5 20. h4 Bh6 21. Be3 a5 22.
b3 Ba6 23. Rbd1 Qe5 24. Rfe1 Nf3+ 25. Qxf3 Qxc3 26. Re2 a4 27. Rde1 Kf7 28. Qg3
Qe5 29. Qf2 Qd6 30. Bxc5 Qf4 31. Re7+ Rxe7 32. Rxe7+ Kg8 33. Qe2 Qg3+ 34. Kf1
Qh3+ 35. Ke1 Qxh4+ 36. Kd2 Bc8 37. Re8+ Kf7 38. Qe7# 1-0

[Event "29. Torneo Collado Villalba 2012 - B"]
[Site "Collado Villalba ESP"]
[Date "2012.08.27"]
[Round "4.40"]
[White "Fernandez Cabello, Emilio"]
[Black "Gallego Romero, Manuel"]
[Result "0-1"]
[WhiteElo "1623"]
[BlackElo "1679"]
[PlyCount "56"]
[EventDate "2012.08.24"]
[EventType "swiss"]
[EventRounds "9"]
[EventCountry "ESP"]
[Source "lmi"]
[SourceDate "2012.08.24"]

1. e4 c5 2. Nc3 a6 3. Nf3 d6 4. d4 cxd4 5. Nxd4 e5 6. Nf5 g6 7. Ne3 Nc6 8. Ned5
Nf6 9. Bg5 Bg7 10. Qd2 h6 11. Bxf6 Bxf6 12. Be2 Bg5 13. Qd3 Nd4 14. O-O h5 15.
f4 Nxe2+ 16. Nxe2 exf4 17. Nexf4 O-O 18. Ne2 b5 19. b4 Ra7 20. h3 Be6 21. Nec3
Bh6 22. Nf6+ Kh8 23. Nfd5 Bg7 24. Rad1 Be5 25. a3 Qa8 26. Qf3 Rc8 27. Rd2 Qc6
28. Qd3 Bxc3 0-1

[Event "29. Torneo Collado Villalba 2012 - B"]
[Site "Collado Villalba ESP"]
[Date "2012.08.28"]
[Round "5.1"]
[White "Tirado Parra, Alberto"]
[Black "Martinez Belen, Alejandro"]
[Result "1-0"]
[WhiteElo "1929"]
[BlackElo "1779"]
[PlyCount "89"]
[EventDate "2012.08.24"]
[EventType "swiss"]
[EventRounds "9"]
[EventCountry "ESP"]
[Source "lmi"]
[SourceDate "2012.08.24"]

1. e4 d5 2. exd5 Qxd5 3. d4 Nf6 4. Nf3 Bg4 5. Be2 e6 6. O-O Be7 7. c4 Qd8 8.
Nc3 c6 9. Be3 Nbd7 10. Qc2 Bf5 11. Bd3 Bxd3 12. Qxd3 O-O 13. Rfd1 Nb6 14. Ne5
Nfd7 15. Qe2 Nxe5 16. dxe5 Qc7 17. Bf4 Rfd8 18. Ne4 Rxd1+ 19. Rxd1 Rd8 20. b3
Nc8 21. c5 Rd5 22. b4 a5 23. bxa5 Qxa5 24. Rxd5 cxd5 25. Nd6 Qxc5 26. Nxb7 Qc7
27. Qb5 Kf8 28. a4 Qb6 29. Qxb6 Nxb6 30. a5 Na8 31. Nd6 Bxd6 32. exd6 Ke8 33.
Be3 Kd7 34. Bc5 f5 35. f4 h6 36. h4 Kc6 37. Kf2 h5 38. Ke3 Kd7 39. Kd4 Ke8 40.
Ke5 Kd7 41. g3 g6 42. Bd4 g5 43. hxg5 h4 44. gxh4 Nb6 45. axb6 1-0

[Event "29. Torneo Collado Villalba 2012 - B"]
[Site "Collado Villalba ESP"]
[Date "2012.08.28"]
[Round "5.3"]
[White "Monmeneu Chulia, Vicente Juan"]
[Black "Galan Aguado, Fernando"]
[Result "1-0"]
[WhiteElo "1998"]
[BlackElo "1820"]
[PlyCount "77"]
[EventDate "2012.08.24"]
[EventType "swiss"]
[EventRounds "9"]
[EventCountry "ESP"]
[Source "lmi"]
[SourceDate "2012.08.24"]

1. d4 Nf6 2. c4 d6 3. Nf3 Nbd7 4. Nc3 c6 5. Bg5 h6 6. Bh4 g5 7. Bg3 Nh5 8. e4
Bg7 9. h3 Nxg3 10. fxg3 Qc7 11. Be2 Nf6 12. O-O e5 13. d5 Qb6+ 14. Kh2 c5 15.
a3 Bd7 16. Qc2 a6 17. Rab1 a5 18. b3 Qd8 19. Nb5 Bc8 20. Rb2 Qd7 21. Bd1 Ng8
22. Ng1 h5 23. Qf2 Ra6 24. b4 axb4 25. axb4 cxb4 26. Rxb4 Qe7 27. Ba4 Kf8 28.
Na7 Bd7 29. Bxd7 Qxd7 30. Rfb1 b6 31. Nc6 Nf6 32. Nb8 Qc8 33. Nxa6 Ng4+ 34.
hxg4 hxg4+ 35. Nh3 gxh3 36. Qf5 hxg2+ 37. Kxg2 Qxa6 38. Rxb6 Qa2+ 39. R1b2 1-0